Score 0/20 Timer 04:00
4 Plays Today
Literary Works Author % Correct
Nineteen Eighty-Four
Animal Farm
Coming Up for Air
George Orwell
92%
The Great Gatsby
Tender is the Night
The Last Tycoon
F. Scott Fitzgerald
85.5%
Around the World in Eighty Days
20,000 Leagues Under the Sea
Journey to the Centre of the Earth
Jules Verne
84.7%
The Lion, the Witch, and the Wardrobe
The Screwtape Letters
Mere Christianity
C.S. Lewis
84.6%
James and the Giant Peach
Matilda
Fantastic Mr. Fox
Roald Dahl
80.8%
Billy Budd
Moby-Dick
Typee
Herman Melville
75.9%
Atlas Shrugged
The Fountainhead
Anthem
Ayn Rand
75.5%
The Time Machine
The War of the Worlds
The Invisible Man
H.G. Wells
75.3%
The Man in the Iron Mask
The Three Musketeers
The Count of Monte Cristo
Alexandre Dumas
71%
Fahrenheit 451
Something Wicked this Way Comes
The Illustrated Man
Ray Bradbury
63.5%
Literary Works Author % Correct
Heart of Darkness
Lord Jim
Nostromo
Joseph Conrad
63.1%
Stuart Little
The Trumpet of the Swan
Charlotte's Web
E.B. White
62.1%
The Prince and the Pauper
A Connecticut Yankee in King Arthur's Court
Roughing It
Mark Twain
61.9%
The Picture of Dorian Gray
The Canterville Ghost
The Happy Prince and Other Tales
Oscar Wilde
61.3%
As I Lay Dying
Absalom, Absalom!
The Sound and the Fury
William Faulkner
58.3%
Lolita
Pale Fire
Speak, Memory
Vladimir Nabokov
49.1%
One Hundred Years of Solitude
Chronicle of a Death Foretold
Love in the Time of Cholera
Gabriel Garcia Marquez
46.2%
The Good Earth
East Wind: West Wind
Imperial Woman
Pearl S. Buck
38.7%
The Portrait of a Lady
Daisy Miller
The Turn of the Screw
Henry James
35.3%
The Puppet Masters
Starship Troopers
Stranger in a Strange Land
Robert Heinlein
23.8%

You're not logged in!

Compare scores with friends on all Sporcle quizzes.
OR
Log In

Sporcle TV

Today on Sporcle TV


Watch our educational content, quiz creation guides, and fun videos on Sporcle TV.

Show Comments

Extras

Top Quizzes Today


Score Distribution

Paid Content

Your Account Isn't Verified!

In order to create a playlist on Sporcle, you need to verify the email address you used during registration. Go to your Sporcle Settings to finish the process.

Report this User

Report this user for behavior that violates our Community Guidelines.

Details: